000 00414nam a2200169Ia 4500
005 20240823010626.0
008 240823s9999||||xx |||||||||||||| ||und||
082 _A808.51 N9
100 _a"Witz,Marion"
245 0 _aStand up and talk to 1000 people
250 _a1ST
260 _c1999
_b"Macmillan,New Delhi"
500 _aYES
650 _aManagement
_bManagement Studies
942 _cBK
999 _c159172
_d159172